| 000 | 00906nas a2200301 i 4500 | ||
|---|---|---|---|
| 001 | 2179 | ||
| 003 | ES-MaACL | ||
| 005 | 20250721062542.0 | ||
| 007 | t| | ||
| 008 | 950801c1921 it | | 1 ||ta d | ||
| 022 | _a0035-6468 | ||
| 080 | _a45 | ||
| 245 | 0 | 0 | _aRivista di politica economica. |
| 260 |
_aRoma : _bRivista di politica economica, _c1921- |
||
| 300 |
_a21 v. ; _c25 cm. |
||
| 310 | _aMensual | ||
| 362 | 0 | _aAnno I (1921)- | |
| 650 | 1 | 7 |
_aEconomÃa _2embne _912006 |
| 655 | 7 |
_2tgfbne _9226866 _aRevistas |
|
| 700 | 1 |
_aSaibante, Mario, _9194427 |
|
| 700 | 1 |
_aMattei, Franco. _979111 |
|
| 852 |
_aES-MaACL _jHEM-H-140 _dOlim: Hem-1172 _cHEM |
||
| 856 |
_uhttps://dialnet.unirioja.es/servlet/revista?codigo=15165 _ySumarios de la revista en Dialnet |
||
| 866 | 0 | _o1953-1959. | |
| 942 |
_2udc _cPERIODICA |
||
| 999 |
_c2179 _d2179 |
||